[Event "Tournament 14459 - Europe Echecs"]
[Site "Europe Echecs"]
[Date "2020.07.07"]
[Round "5"]
[Time "16:14:47"]
[PlyCount "51"]
[White "CortadellasJul"]
[Black "BaronArthur"]
[WhiteElo "1114"]
[BlackElo "950"]
[Mode "WEB"]
[Result "0-1"]

1. d4 Nf6 2. c4 e6 3. Nc3 Bb4 4. a3 Ba5 5. b4 Bxb4 6. axb4 O-O 7. Bg5 h6 8. Bh4
d6 9. Nf3 b6 10. e3 Bb7 11. Be2 Nbd7 12. O-O Qe7 13. Ra2 c5 14. bxc5 dxc5 15.
Nb5 a6 16. Nc7 Ra7 17. Qa1 Nb8 18. Bxf6 gxf6 19. Nxa6 Bxa6 20. dxc5 bxc5 21. Nd2
Kh8 22. Nb3 Rg8 23. Qc3 e5 24. Rfa1 Qb7 25. Nxc5 Qxg2# {CortadellasJul est échec et mat} 0-1

[Event "Tournament 14459 - Europe Echecs"]
[Site "Europe Echecs"]
[Date "2020.07.07"]
[Round "5"]
[Time "16:14:47"]
[PlyCount "158"]
[White "HermantAntoine"]
[Black "ZylbersztejnDo"]
[WhiteElo "980"]
[BlackElo "1316"]
[Mode "WEB"]
[Result "0-1"]

1. e4 e5 2. Nf3 Nc6 3. Bb5 d6 4. Nc3 Nf6 5. O-O Bg4 6. d3 Be7 7. Bg5 O-O 8. Re1
Re8 9. h3 Bh5 10. Bxc6 bxc6 11. Kh1 Rb8 12. Rb1 h6 13. Bh4 Nd7 14. Bxe7 Rxe7 15.
Kg1 Nf6 16. Kh1 Nd7 17. Kg1 Nf8 18. d4 exd4 19. Qxd4 Bxf3 20. gxf3 c5 21. Qd1
Ne6 22. Nd5 Re8 23. Kh1 c6 24. Nc3 Nd4 25. Rg1 Qh4 26. Rg3 Rbd8 27. Qg1 g6 28.
Qg2 Re6 29. Rg1 h5 30. Rd1 Rf6 31. Rg1 Kh7 32. Re1 Nxc2 33. Re2 Nd4 34. Re1 Re8
35. f4 Rxf4 36. Kg1 d5 37. Qf1 Nf3+ 38. Rxf3 Rxf3 39. Re3 Rxe3 40. fxe3 dxe4 41.
Qxf7+ Kh6 42. Qxe8 Qg3+ 43. Kf1 Qxh3+ 44. Ke1 Qxe3+ 45. Kd1 Qd3+ 46. Ke1 Qe3+
47. Kd1 Qf3+ 48. Kc2 Qf2+ 49. Kb3 e3 50. Qxc6 Qg3 51. Qxc5 e2 52. Qf8+ Kg5 53.
Qe7+ Kh6 54. Qxe2 h4 55. Qd2+ Qg5 56. Qd7 Qa5 57. Qg4 Qg5 58. Qxg5+ Kxg5 59.
Ne4+ Kf4 60. Nd6 h3 61. Kc4 h2 62. a4 h1=Q 63. b4 Qc1+ 64. Kd5 Qd2+ 65. Kc5 Qc3+
66. Kb5 Qe5+ 67. Ka6 Qxd6+ 68. Kxa7 Qc7+ 69. Ka6 Qc8+ 70. Ka7 Qc7+ 71. Ka8 g5
72. a5 g4 73. a6 g3 74. b5 g2 75. b6 Qxb6 76. a7 Qd8+ 77. Kb7 g1=Q 78. a8=Q
Qxa8+ 79. Kxa8 {HermantAntoine a abandonné} 0-1

[Event "Tournament 14459 - Europe Echecs"]
[Site "Europe Echecs"]
[Date "2020.07.07"]
[Round "5"]
[Time "16:14:47"]
[PlyCount "92"]
[White "NouvianArthur"]
[Black "AngeleAndreas"]
[WhiteElo "1199"]
[BlackElo "799"]
[Mode "WEB"]
[Result "1-0"]

1. e4 e5 2. Nf3 Nc6 3. Bc4 Bc5 4. d3 h6 5. O-O d6 6. Nc3 Bg4 7. h3 Bxf3 8. Qxf3
Nf6 9. b3 O-O 10. Bd5 Nxd5 11. exd5 Nd4 12. Qd1 Bb4 13. Ne2 Nxe2+ 14. Qxe2 Bc3
15. Rb1 c6 16. dxc6 bxc6 17. Ba3 Ba5 18. b4 Bc7 19. Rfe1 Bb8 20. Qf3 Qc7 21. b5
e4 22. Qxe4 d5 23. Qf3 Qh2+ 24. Kf1 Qh1+ 25. Ke2 Qh2 26. Bxf8 Qe5+ 27. Kf1 Kxf8
28. Rxe5 Bxe5 29. bxc6 Rc8 30. Qxd5 Bf4 31. Qc5+ Kg8 32. Qf5 Rb8 33. Rxb8+ Bxb8
34. Qc8+ Kh7 35. Qxb8 Kg6 36. Qxa7 f5 37. c7 Kg5 38. c8=Q g6 39. Qe7+ Kh5 40.
Qe2+ Kh4 41. Qd8+ g5 42. Qd4+ f4 43. Qf3 h5 44. g3+ Kxh3 45. Qd7+ g4 46. Qh1# {AngeleAndreas est échec et mat} 1-0

[Event "Tournament 14459 - Europe Echecs"]
[Site "Europe Echecs"]
[Date "2020.07.07"]
[Round "5"]
[Time "16:14:47"]
[PlyCount "45"]
[White "GabeTom"]
[Black "RosuAlexandru"]
[WhiteElo "799"]
[BlackElo "1126"]
[Mode "WEB"]
[Result "0-1"]

1. e4 e5 2. Bc4 Nc6 3. Nc3 Nf6 4. Nf3 Bc5 5. O-O d6 6. Nd5 Bg4 7. Nxf6+ Qxf6 8.
h3 Bh5 9. g4 Bg6 10. d3 Nd4 11. Nxd4 Bxd4 12. c3 Bb6 13. b3 O-O-O 14. Rb1 h5 15.
Be3 Bxe3 16. fxe3 Qh4 17. Rf3 hxg4 18. Rf1 Qxh3 19. Kf2 Qh2+ 20. Ke1 Qg3+ 21.
Ke2 Rh2+ 22. Rf2 Qxf2# {GabeTom est échec et mat} 0-1

[Event "Tournament 14459 - Europe Echecs"]
[Site "Europe Echecs"]
[Date "2020.07.07"]
[Round "5"]
[Time "16:14:47"]
[PlyCount "38"]
[White "SevindikKaan"]
[Black "BeddiarSouhil"]
[WhiteElo "799"]
[BlackElo "1100"]
[Mode "WEB"]
[Result "1-0"]

1. d4 d5 2. Nc3 Nc6 3. Bg5 Nxd4 4. Qxd4 e6 5. Bxd8 Kxd8 6. O-O-O Be7 7. e3 Bf6
8. Qb4 a5 9. Qc5 b6 10. Qc6 Ra7 11. Nxd5 Bb7 12. Qxc7+ Ke8 13. Qxb6 Ra8 14. Qxb7
Rd8 15. Bb5+ Kf8 16. Qc7 Re8 17. Nxf6 gxf6 18. Bxe8 Kxe8 19. Rd8# {BeddiarSouhil est échec et mat} 1-0

[Event "Tournament 14459 - Europe Echecs"]
[Site "Europe Echecs"]
[Date "2020.07.07"]
[Round "5"]
[Time "16:14:47"]
[PlyCount "68"]
[White "FonsatJeanMarc"]
[Black "ErudelIrina"]
[WhiteElo "1030"]
[BlackElo "1620"]
[Mode "WEB"]
[Result "1-0"]

1. e4 e5 2. Bc4 Bc5 3. Qf3 Nf6 4. Bb3 d6 5. Qe2 Bg4 6. Qc4 O-O 7. f3 Be6 8. Qa4
Nc6 9. Bxe6 fxe6 10. Qb5 b6 11. Qxc6 Rb8 12. c3 d5 13. b4 Be7 14. Ba3 dxe4 15.
fxe4 Qd3 16. Qxe6+ Kh8 17. Qxe7 Qxe4+ 18. Ne2 Rbe8 19. Qxc7 Qxg2 20. Rg1 Qxh2
21. Qxa7 Ng4 22. Rxg4 Qf2+ 23. Kd1 Qf1+ 24. Kc2 g6 25. Rg1 Qxe2 26. Qxb6 Rf3 27.
Qb5 Rd8 28. Qxe2 Rf7 29. Rf1 Rfd7 30. b5 Rb8 31. Qxe5+ Kg8 32. Qxb8+ Kg7 33. Qc8
Re7 34. Qf8# {ErudelIrina est échec et mat} 1-0

[Event "Tournament 14459 - Europe Echecs"]
[Site "Europe Echecs"]
[Date "2020.07.07"]
[Round "5"]
[Time "16:14:47"]
[PlyCount "119"]
[White "TaralloAurian"]
[Black "MenardEmma"]
[WhiteElo "1007"]
[BlackElo "1490"]
[Mode "WEB"]
[Result "0-1"]

1. e4 c5 2. Nc3 d6 3. Bc4 Nf6 4. d3 g6 5. b3 Bg7 6. Bb2 O-O 7. Qf3 Bg4 8. Qg3
Nc6 9. Nf3 Bxf3 10. gxf3 Nd4 11. O-O-O Bh6+ 12. Kb1 Qd7 13. Nd5 Nxd5 14. Bxd5
Ne2 15. Qh4 Bg7 16. Rde1 Nc3+ 17. Bxc3 Bxc3 18. Reg1 Bg7 19. Rg3 e6 20. Rh3 h6
21. Bc4 d5 22. exd5 exd5 23. Re1 dxc4 24. dxc4 Qd4 25. Kc1 Qb2+ 26. Kd1 Qxa2 27.
Rg3 Qb1+ 28. Ke2 Rae8+ 29. Kf1 Qxe1+ 30. Kg2 Re2 31. Rg4 h5 32. Rf4 Rxc2 33. Re4
Qc3 34. Qe7 Qxb3 35. Qxc5 Rc3 36. Re3 Rxe3 37. fxe3 Qb2+ 38. Kg3 Be5+ 39. f4 Bc3
40. f5 gxf5 41. Qxf5 Be1+ 42. Kh3 Qf2 43. Qxh5 Qxe3+ 44. Kg2 Qf2+ 45. Kh3 Rc8
46. Qg5+ Kf8 47. Qh6+ Ke7 48. Qg5+ Ke8 49. Qe5+ Kf8 50. Qd6+ Kg7 51. Qe5+ f6 52.
Qe7+ Kg6 53. Qe4+ Qf5+ 54. Kg2 Qxe4+ 55. Kf1 Qxc4+ 56. Kxe1 Qd4 57. Kf1 Qe3 58.
Kg2 Rc2+ 59. Kf1 Qc1# {TaralloAurian est échec et mat} 0-1

[Event "Tournament 14459 - Europe Echecs"]
[Site "Europe Echecs"]
[Date "2020.07.07"]
[Round "5"]
[Time "16:14:47"]
[PlyCount "135"]
[White "OgerEryn"]
[Black "StevensCharles"]
[WhiteElo "1460"]
[BlackElo "1000"]
[Mode "WEB"]
[Result "0-1"]

1. e4 e5 2. Nf3 Nc6 3. Nc3 Nf6 4. Bb5 Bc5 5. Bxc6 bxc6 6. Nxe5 O-O 7. Nf3 Bb4 8.
d3 Bxc3+ 9. bxc3 d5 10. O-O dxe4 11. dxe4 Nxe4 12. Ba3 Nxc3 13. Qd2 Qxd2 14.
Nxd2 Ne2+ 15. Kh1 Ba6 16. Bxf8 Rxf8 17. Rfe1 Nc3 18. Re3 Nd5 19. Re4 Nc3 20. Re3
Ne2 21. c4 Nf4 22. Rae1 h6 23. h3 Nh5 24. Re5 Nf6 25. c5 Nd5 26. Nf3 Nc3 27. g4
f6 28. Re6 Nxa2 29. Ra1 Bc4 30. Re4 Bd5 31. Re3 Nb4 32. Rae1 Nc2 33. h4 Nxe1 34.
Rxe1 Bxf3+ 35. Kg1 Bxg4 36. Re4 Bf5 37. Rf4 Bd3 38. Ra4 a6 39. Ra3 Rd8 40. Kg2
Bb5 41. f3 Rd5 42. Rc3 Rd3 43. Rc1 Rd2+ 44. Kg3 a5 45. Ra1 a4 46. f4 Rd3+ 47.
Kg4 Rc3 48. Re1 Rxc5 49. Re8+ Kh7 50. f5 Rc4+ 51. Kh5 c5 52. Ra8 Rd4 53. Re8 Rd5
54. Re1 Rxf5+ 55. Kg4 g6 56. h5 Rg5+ 57. Kh4 Rxh5+ 58. Kg4 c4 59. Re7+ Kg8 60.
Rxc7 a3 61. Rc8+ Kf7 62. Rc7+ Ke8 63. Rc8+ Ke7 64. Rc7+ Bd7+ 65. Rxd7+ Kxd7 66.
Kf4 c3 67. Kf3 c2 {OgerEryn a perdu au temps} 0-1

[Event "Tournament 14459 - Europe Echecs"]
[Site "Europe Echecs"]
[Date "2020.07.07"]
[Round "5"]
[Time "16:14:47"]
[PlyCount "157"]
[White "LoppinTya"]
[Black "BenseddikYanis"]
[WhiteElo "1021"]
[BlackElo "1320"]
[Mode "WEB"]
[Result "0-1"]

1. d4 Nf6 2. Nf3 g6 3. e3 Bg7 4. Be2 O-O 5. O-O d5 6. b3 Nc6 7. Nbd2 Bf5 8. Bb2
e6 9. c4 Qd7 10. cxd5 exd5 11. Ne5 Nxe5 12. dxe5 Ne4 13. Nxe4 Bxe4 14. Bg4 Bf5
15. Bxf5 Qxf5 16. h3 Rfe8 17. Rc1 c6 18. f4 Qe4 19. Rf2 a5 20. Qf3 Qxf3 21. Rxf3
a4 22. bxa4 Rxa4 23. a3 Rf8 24. Rb1 f6 25. e6 Re8 26. Bc1 Rxe6 27. Rxb7 Re8 28.
Rc7 Rc4 29. Rf2 Rxc1+ 30. Kh2 c5 31. Rb2 Bf8 32. a4 Re7 33. Rc8 Ra7 34. Rbb8 Rf7
35. a5 Ra1 36. Ra8 c4 37. a6 Kg7 38. a7 Rfxa7 39. Rxa7+ Rxa7 40. g4 Ra2+ 41. Kg3
Bb4 42. Rc7+ Kf8 43. Rc8+ Ke7 44. Rb8 Be1+ 45. Kf3 c3 46. Rb7+ Kd8 47. Rb8+ Kc7
48. Rb1 c2 49. Rxe1 Rb2 50. Rc1 Kc6 51. e4 dxe4+ 52. Kxe4 Kc5 53. Kd3 Ra2 54.
Rxc2+ Rxc2 55. Kxc2 Kd4 56. Kd2 Ke4 57. f5 gxf5 58. gxf5 Kxf5 59. Ke1 Kf4 60.
Kf1 h5 61. Kg2 h4 62. Kh2 Kf3 63. Kh1 Kg3 64. Kg1 Kxh3 65. Kf1 Kg3 66. Kg1 h3
67. Kh1 f5 68. Kg1 f4 69. Kf1 h2 70. Ke2 h1=Q 71. Kd3 f3 72. Ke4 f2+ 73. Ke3
f1=Q 74. Kd4 Qff3 75. Ke5 Qhh5+ 76. Kd6 Qf6+ 77. Kc7 Qhf7+ 78. Kb8 Qh8# {LoppinTya est échec et mat} 0-1

[Event "Tournament 14459 - Europe Echecs"]
[Site "Europe Echecs"]
[Date "2020.07.07"]
[Round "5"]
[Time "16:14:47"]
[PlyCount "122"]
[White "FournierLucas"]
[Black "BorremansPaul"]
[WhiteElo "1320"]
[BlackElo "980"]
[Mode "WEB"]
[Result "1-0"]

1. e4 e5 2. Nf3 Nc6 3. Nc3 Nf6 4. g3 Bb4 5. Bg2 d6 6. a3 Bg4 7. O-O O-O 8. axb4
h6 9. d3 Bxf3 10. Qxf3 Nxb4 11. Ra4 Nxc2 12. Nb5 a6 13. Nc3 Nd4 14. Qe3 Nc2 15.
Qd2 Nd4 16. Qd1 Ng4 17. Bd2 b5 18. Ra3 c6 19. Ra1 a5 20. Ne2 a4 21. Nxd4 exd4
22. Qxg4 c5 23. Bxh6 Qf6 24. Bg5 Qe6 25. f4 Qxg4 26. Be7 Rfe8 27. Bxd6 Qe2 28.
Rfe1 Qxb2 29. Bxc5 Qc2 30. Bxd4 Qxd3 31. Red1 Qc4 32. Bf1 Qc6 33. e5 Reb8 34.
Bg2 b4 35. Bxc6 Ra5 36. Rxa4 Rxa4 37. Bxa4 b3 38. Bxb3 Rxb3 39. Bc5 Rb5 40. Rd5
f6 41. Rd8+ Kh7 42. Bf8 Rb1+ 43. Kg2 fxe5 44. fxe5 g6 45. Rd7+ Kg8 46. Bh6 Re1
47. Rd8+ Kh7 48. Bf4 Re2+ 49. Kf3 Rxh2 50. e6 Kg7 51. Rd7+ Kf8 52. e7+ Ke8 53.
Rb7 Rh1 54. Kg2 Rh8 55. Be5 Rh7 56. Bf6 g5 57. Rb8+ Kf7 58. e8=Q+ Kxf6 59. Qc6+
Kg7 60. Rb7+ Kh8 61. Qc8# {BorremansPaul est échec et mat} 1-0

[Event "Tournament 14459 - Europe Echecs"]
[Site "Europe Echecs"]
[Date "2020.07.07"]
[Round "5"]
[Time "16:14:47"]
[PlyCount "28"]
[White "DesfontaineArt"]
[Black "GadoisArnaud"]
[WhiteElo "1250"]
[BlackElo "950"]
[Mode "WEB"]
[Result "1-0"]

1. d4 d5 2. Nc3 Nf6 3. Bf4 Nc6 4. Nb5 Nxd4 5. Nxc7+ Kd7 6. Nxa8 Ke8 7. Qxd4 Qa5+
8. c3 Bd7 9. Nf3 Qd8 10. Nc7+ Qxc7 11. Bxc7 e6 12. Qxa7 g6 13. Qb8+ Ke7 14. Bd6# {GadoisArnaud est échec et mat} 1-0

[Event "Tournament 14459 - Europe Echecs"]
[Site "Europe Echecs"]
[Date "2020.07.07"]
[Round "5"]
[Time "16:14:47"]
[PlyCount "64"]
[White "ClairThibaud"]
[Black "CarobbioAntoin"]
[WhiteElo "980"]
[BlackElo "1220"]
[Mode "WEB"]
[Result "1-0"]

1. d4 d5 2. Bf4 Nf6 3. e3 Nc6 4. Bd3 e6 5. Nf3 Bd6 6. Nbd2 Bxf4 7. exf4 O-O 8.
O-O Ne4 9. Nxe4 dxe4 10. Bxe4 f5 11. Bd3 Nxd4 12. Nxd4 Qxd4 13. Qd2 Qxb2 14. Bc4
b6 15. Rfb1 Qa3 16. Rb3 Qc5 17. Be2 Bb7 18. Qd7 Rad8 19. Qxe6+ Kh8 20. Qe3 Qc6
21. f3 Qxc2 22. a3 Ba6 23. Bxa6 Rd1+ 24. Qe1 Rxe1+ 25. Bf1 Qxb3 26. Rxe1 Qb4 27.
axb4 c5 28. bxc5 bxc5 29. Bb5 a5 30. Ba4 Rb8 31. Bb5 Rxb5 32. Re8# {CarobbioAntoin est échec et mat} 1-0

[Event "Tournament 14459 - Europe Echecs"]
[Site "Europe Echecs"]
[Date "2020.07.07"]
[Round "5"]
[Time "16:14:47"]
[PlyCount "45"]
[White "NicotAnna"]
[Black "WangYize"]
[WhiteElo "1220"]
[BlackElo "920"]
[Mode "WEB"]
[Result "1-0"]

1. e4 e5 2. Nf3 Nc6 3. d4 d6 4. Bc4 Nf6 5. Bg5 Be7 6. O-O Be6 7. Bxe6 fxe6 8.
Nc3 Nxd4 9. Nxd4 exd4 10. Qxd4 e5 11. Qd2 Qd7 12. Rad1 O-O-O 13. Qe2 Rhe8 14.
Nb5 c6 15. Nxa7+ Kc7 16. Qc4 Ra8 17. Nb5+ Kd8 18. Bxf6 Bxf6 19. Rxd6 cxb5 20.
Rxd7+ Kxd7 21. Qxb5+ Kd8 22. Rd1+ Ke7 {WangYize a abandonné} 1-0

[Event "Tournament 14459 - Europe Echecs"]
[Site "Europe Echecs"]
[Date "2020.07.07"]
[Round "5"]
[Time "16:14:47"]
[PlyCount "36"]
[White "SamorukovBoris"]
[Black "CazacuSofia"]
[WhiteElo "1185"]
[BlackElo "799"]
[Mode "WEB"]
[Result "1-0"]

1. e4 Nf6 2. Nc3 e5 3. Bc4 Bd6 4. d4 c6 5. Nf3 b5 6. Bxf7+ Kxf7 7. dxe5 Bxe5 8.
Nxe5+ Kg8 9. Ne2 Nxe4 10. c3 g5 11. Qb3+ Kg7 12. Be3 Kf6 13. Bd4 Kf5 14. Nf7 Kg6
15. Nxd8 c5 16. Bxh8 Kh6 17. Qf7 Nf6 18. Bg7# {CazacuSofia est échec et mat} 1-0

[Event "Tournament 14459 - Europe Echecs"]
[Site "Europe Echecs"]
[Date "2020.07.07"]
[Round "5"]
[Time "16:14:47"]
[PlyCount "113"]
[White "RobbeLeni"]
[Black "BoursierIrina"]
[WhiteElo "1160"]
[BlackElo "799"]
[Mode "WEB"]
[Result "1/2-1/2"]

1. e4 e6 2. d4 d5 3. exd5 exd5 4. Nf3 Bf5 5. Nc3 Nf6 6. Bb5+ Nc6 7. Bf4 Bb4 8.
Bd2 Bd7 9. O-O O-O 10. Qe1 Bxc3 11. Bxc3 a6 12. Ba4 b5 13. Bb3 Re8 14. Qd1 Re7
15. a3 Qc8 16. Rb1 Qe8 17. Rc1 Bg4 18. h3 Bxf3 19. Qxf3 Ne4 20. Rfe1 Nxc3 21.
Rxe7 Qxe7 22. bxc3 Re8 23. Qxd5 Qe6 24. Qxe6 fxe6 25. Re1 a5 26. Rxe6 Rxe6 27.
Bxe6+ Kf8 28. Bd7 Ne7 29. Bxb5 Nf5 30. Kf1 Nd6 31. Bd3 c6 32. Bxh7 Nb5 33. Ke2
Nxa3 34. Kd3 Nb5 35. Be4 a4 36. Bxc6 a3 37. Bd5 Nc7 38. Ba2 Nb5 39. Kc4 Nd6+ 40.
Kb3 Nb5 41. c4 Nxd4+ 42. Kxa3 Nxc2+ 43. Kb3 Ne1 44. g3 Nf3 45. Kb4 Ne5 46. Kb5
Kf7 47. c5+ Kg6 48. Kb6 Kf5 49. c6 Nxc6 50. Kxc6 Ke4 51. Kd7 g5 52. Ke6 Kf3 53.
Kf6 g4 54. hxg4 Kxg4 55. f3+ Kxf3 56. Kf5 Kxg3 {Aucun joueur n'a le mat&eacute;riel pour mater} 1/2-1/2

[Event "Tournament 14459 - Europe Echecs"]
[Site "Europe Echecs"]
[Date "2020.07.07"]
[Round "5"]
[Time "16:14:47"]
[PlyCount "68"]
[White "RequenaPaulin"]
[Black "ElRhourriYanis"]
[WhiteElo "1140"]
[BlackElo "799"]
[Mode "WEB"]
[Result "1-0"]

1. e4 e5 2. Nf3 Nf6 3. Nxe5 Nxe4 4. Qe2 Ng5 5. Nc6+ Ne6 6. Nxd8 Kxd8 7. Qf3 Bb4
8. Qxf7 Rf8 9. Qh5 Nd4 10. c3 Nc2+ 11. Kd1 Nxa1 12. cxb4 d6 13. Qg5+ Rf6 14.
Qxg7 Re6 15. Qf8+ Re8 16. Qf6+ Re7 17. Bb5 c6 18. Re1 Bg4+ 19. f3 Bh5 20. Qxe7+
Kc8 21. Qe6+ Kc7 22. Qe7+ Kb6 23. Qxd6 Kxb5 24. Re5+ Kb6 25. Qc5+ Kc7 26. Re7+
Nd7 27. Qa5+ Kd6 28. Rxh7 b6 29. Rh6+ Kc7 30. Qxh5 c5 31. Qf7 cxb4 32. Rh7 b3
33. Qxd7+ Kb8 34. Rh8# {ElRhourriYanis est échec et mat} 1-0

[Event "Tournament 14459 - Europe Echecs"]
[Site "Europe Echecs"]
[Date "2020.07.07"]
[Round "5"]
[Time "16:14:47"]
[PlyCount "69"]
[White "PenarrubiaTom"]
[Black "ChennitAriles"]
[WhiteElo "950"]
[BlackElo "1110"]
[Mode "WEB"]
[Result "0-1"]

1. e4 d6 2. Nf3 f5 3. exf5 Bxf5 4. Nc3 d5 5. Bd3 Bg4 6. h3 Bxf3 7. gxf3 Nc6 8.
b3 e6 9. Bb2 Nf6 10. f4 Be7 11. f3 O-O 12. Qe2 Qd7 13. Qg2 Nd4 14. Rg1 g6 15.
Bxg6 Nxc2+ 16. Kd1 Bc5 17. Bh5+ Kh8 18. Rf1 Nxa1 19. Bxa1 Rg8 20. Qf2 Bxf2 21.
Rxf2 Nxh5 22. Ne2+ Ng7 23. Rg2 c5 24. d4 cxd4 25. Nxd4 Qc7 26. Nb5 Qd7 27. Nd4
Rae8 28. Ne2 Re7 29. Ng3 a6 30. Nh5 b5 31. Nf6 Qc7 32. Nxg8 Kxg8 33. Rxg7+ Rxg7
34. Bxg7 Qxg7 {PenarrubiaTom a abandonné} 0-1

[Event "Tournament 14459 - Europe Echecs"]
[Site "Europe Echecs"]
[Date "2020.07.07"]
[Round "5"]
[Time "16:14:47"]
[PlyCount "72"]
[White "JarryEliot"]
[Black "SchluppEmma"]
[WhiteElo "890"]
[BlackElo "1094"]
[Mode "WEB"]
[Result "1-0"]

1. e4 e5 2. Bc4 Nf6 3. d3 Bc5 4. Bg5 d6 5. Bxf6 Qxf6 6. Nf3 Be6 7. Bxe6 fxe6 8.
Nc3 Nc6 9. Qd2 d5 10. exd5 exd5 11. Nxd5 Qe6 12. Nxc7+ Kd8 13. Nxe6+ Ke8 14.
Nc7+ Kd8 15. Nxa8 Nd4 16. Nxd4 exd4 17. Qg5+ Be7 18. Qxg7 Rf8 19. Qxd4+ Ke8 20.
Qxa7 Bb4+ 21. c3 Bd6 22. Qxb7 Rf7 23. Qc8+ Ke7 24. Qh3 Kf8 25. Qh6+ Ke8 26. Qxd6
Re7+ 27. Kf1 Rd7 28. Nc7+ Kd8 29. Ne6+ Kc8 30. Qf8+ Kb7 31. Nc5+ Kc7 32. Ne6+
Kc6 33. Qc5+ Kb7 34. a4 Rxd3 35. a5 Ka6 36. Qb6# {SchluppEmma est échec et mat} 1-0

[Event "Tournament 14459 - Europe Echecs"]
[Site "Europe Echecs"]
[Date "2020.07.07"]
[Round "5"]
[Time "16:14:47"]
[PlyCount "67"]
[White "GrederBaptiste"]
[Black "EripretRaoul"]
[WhiteElo "1080"]
[BlackElo "799"]
[Mode "WEB"]
[Result "0-1"]

1. e4 e5 2. Bc4 Nf6 3. Nc3 Bc5 4. Nf3 Nc6 5. O-O a6 6. h3 b5 7. Nxb5 axb5 8.
Bxb5 h6 9. c3 Ra5 10. d4 exd4 11. cxd4 Nxd4 12. Nxd4 Bxd4 13. Qxd4 Rxb5 14. Qc4
c6 15. Bf4 Rxb2 16. Rab1 Rxb1 17. Rxb1 O-O 18. Rb8 Qe7 19. a4 Nxe4 20. a5 Nd6
21. Qc5 Ne4 22. Qb6 Nf6 23. Qc7 g5 24. Rxc8 Rxc8 25. Qxc8+ Kg7 26. a6 gxf4 27.
a7 Qe1+ 28. Kh2 Qe5 29. a8=Q f3+ 30. g3 c5 31. Qa4 Qe2 32. Qxc5 Qf1 33. g4 Qg2# {GrederBaptiste est échec et mat} 0-1

[Event "Tournament 14459 - Europe Echecs"]
[Site "Europe Echecs"]
[Date "2020.07.07"]
[Round "5"]
[Time "16:14:47"]
[PlyCount "71"]
[White "AndreaniEleono"]
[Black "RaffinLeon"]
[WhiteElo "799"]
[BlackElo "1080"]
[Mode "WEB"]
[Result "0-1"]

1. e4 e5 2. Bc4 Bc5 3. Qf3 Nf6 4. Nc3 O-O 5. d3 d6 6. Qg3 Nh5 7. Qf3 Nd7 8. Qxh5
Nf6 9. Qh4 Bg4 10. h3 Be6 11. Qg3 Nh5 12. Qh4 Qxh4 13. g3 Qg5 14. h4 Qg6 15. Nf3
Bxc4 16. dxc4 Bb4 17. a3 Bxc3+ 18. bxc3 Qxe4+ 19. Be3 Qxf3 20. Rg1 e4 21. Rb1
Rab8 22. c5 dxc5 23. Bxc5 Qxc3+ 24. Ke2 Qxc5 25. a4 Qxc2+ 26. Ke3 Qxa4 27. g4
Nf6 28. g5 Nd5+ 29. Kd2 Qa2+ 30. Kc1 Qxf2 31. Rd1 e3 32. Rb2 e2 33. Rxd5 e1=Q+
34. Rd1 Qc3+ 35. Rc2 Qfxc2# {AndreaniEleono est échec et mat} 0-1

[Event "Tournament 14459 - Europe Echecs"]
[Site "Europe Echecs"]
[Date "2020.07.07"]
[Round "5"]
[Time "16:14:47"]
[PlyCount "115"]
[White "RossoTiziano"]
[Black "RobertLouis"]
[WhiteElo "799"]
[BlackElo "1080"]
[Mode "WEB"]
[Result "0-1"]

1. e4 e5 2. Nf3 Nf6 3. Nxe5 d6 4. Nf3 Nxe4 5. Qe2 Qe7 6. Qe3 Nc6 7. Bb5 Bf5 8.
O-O a6 9. Bxc6+ bxc6 10. Qf4 Bg6 11. d3 Nf6 12. Qa4 Qd7 13. Re1+ Be7 14. Bg5 O-O
15. Nd4 h6 16. Nxc6 hxg5 17. Nxe7+ Kh7 18. Qb4 Rab8 19. Qc3 Rfe8 20. Nxg6 Kxg6
21. d4 Rb6 22. Rf1 Rc6 23. Qd3+ Qf5 24. Qxf5+ Kxf5 25. Nd2 Rxc2 26. Nf3 Ree2 27.
h4 g4 28. Ng5 Kg6 29. Nf3 gxf3 30. gxf3 Rxb2 31. Kh2 Rxa2 32. Rxa2 Rxa2 33. Rg1+
Kh5 34. Rg5+ Kh6 35. Rg2 Rd2 36. Kh3 Rxd4 37. Rg1 Rd3 38. Kg3 Ne4+ 39. Kg4 Nxf2+
40. Kf4 Nh3+ 41. Ke4 Nxg1 42. Kxd3 Nxf3 43. Kc4 Nxh4 44. Kb4 f5 45. Ka5 f4 46.
Kxa6 f3 47. Kb5 f2 48. Kc4 f1=Q+ 49. Kd5 c6+ 50. Kxc6 Qc4+ 51. Kxd6 Nf5+ 52. Ke5
g6 53. Kf6 Qc6+ 54. Ke5 Qf3 55. Kf6 Nd4+ 56. Ke5 Qg4 57. Kf6 Qe6# {RossoTiziano est échec et mat} 0-1

[Event "Tournament 14459 - Europe Echecs"]
[Site "Europe Echecs"]
[Date "2020.07.07"]
[Round "5"]
[Time "16:14:47"]
[PlyCount "56"]
[White "IentileTimeo"]
[Black "FongaroLeon"]
[WhiteElo "1064"]
[BlackElo "799"]
[Mode "WEB"]
[Result "1-0"]

1. d4 d5 2. c4 dxc4 3. Nc3 Nf6 4. e3 Nc6 5. Nf3 Bg4 6. Bxc4 Bxf3 7. Qxf3 Qd7 8.
Bb5 O-O-O 9. Bd3 Nb4 10. Bf5 e5 11. Bxd7+ Nxd7 12. Qe2 exd4 13. exd4 Bd6 14. O-O
Nf6 15. a3 Nbd5 16. Nxd5 Nxd5 17. Qh5 g6 18. Qxd5 Bxh2+ 19. Kxh2 Rxd5 20. Be3
Re8 21. Rfe1 Re4 22. f3 Rh4+ 23. Kg3 Rhh5 24. Rac1 f6 25. Bf4 f5 26. Rxc7+ Kb8
27. Re8+ Rd8 28. Rxd8# {FongaroLeon est échec et mat} 1-0

[Event "Tournament 14459 - Europe Echecs"]
[Site "Europe Echecs"]
[Date "2020.07.07"]
[Round "5"]
[Time "16:14:47"]
[PlyCount "46"]
[White "HuJeremy"]
[Black "OgierDaniil"]
[WhiteElo "799"]
[BlackElo "1059"]
[Mode "WEB"]
[Result "0-1"]

1. e4 c5 2. Nf3 Nc6 3. Nc3 e6 4. d3 Nge7 5. Bf4 d6 6. Be2 g6 7. O-O Bg7 8. Rb1
O-O 9. d4 cxd4 10. Be3 dxc3 11. bxc3 Bxc3 12. Rb3 Bg7 13. Bc4 Na5 14. Rb4 Nxc4
15. Rxc4 d5 16. exd5 Qxd5 17. Qxd5 Nxd5 18. Ra4 a6 19. Bc5 Rd8 20. Be7 Nxe7 21.
Nd4 Rxd4 22. c3 Rxa4 23. a3 {HuJeremy a abandonné} 0-1

[Event "Tournament 14459 - Europe Echecs"]
[Site "Europe Echecs"]
[Date "2020.07.07"]
[Round "5"]
[Time "16:14:47"]
[PlyCount "89"]
[White "BainthouverezA"]
[Black "GarcinEleonore"]
[WhiteElo "1058"]
[BlackElo "799"]
[Mode "WEB"]
[Result "0-1"]

1. c4 c5 2. e3 Nc6 3. Nc3 f6 4. g3 e5 5. Bg2 Qb6 6. b3 d6 7. Nge2 Bf5 8. Bb2 Nb4
9. e4 Bg4 10. O-O Bxe2 11. Nxe2 Nd3 12. Bc3 a5 13. Qc2 Nb4 14. Qd1 Nh6 15. a3
Nd3 16. Qc2 Nxf2 17. Rxf2 Qa6 18. d3 a4 19. Rff1 axb3 20. Qxb3 O-O-O 21. Rfb1 f5
22. exf5 Nxf5 23. Qxb7+ Qxb7 24. Bxb7+ Kd7 25. Bg2 Ne3 26. Rb7+ Kc8 27. Rab1
Nxg2 28. Kxg2 Rd7 29. Rb8+ Kc7 30. Ba5+ Kc6 31. R1b6+ Kc7 32. R6b7+ Kc6 33. Rb6+
Kc7 34. Ra6+ Kxb8 35. Rb6+ Rb7 36. Ra6 Be7 37. Nc3 Bd8 38. Nd5 Bxa5 39. Rxa5
Rb2+ 40. Kh3 Rb3 41. a4 Rxd3 42. Ne7 Rc3 43. Nc6+ Kc7 44. Ra6 Kb7 {BainthouverezA a perdu au temps} 0-1

[Event "Tournament 14459 - Europe Echecs"]
[Site "Europe Echecs"]
[Date "2020.07.07"]
[Round "5"]
[Time "16:14:47"]
[PlyCount "60"]
[White "FortinGuilhem"]
[Black "HoarauAntoine"]
[WhiteElo "1043"]
[BlackElo "799"]
[Mode "WEB"]
[Result "1-0"]

1. e4 d5 2. exd5 Qxd5 3. Nc3 Qd8 4. Nf3 Nf6 5. d4 c5 6. Bg5 Bg4 7. Be2 h6 8.
Bxf6 exf6 9. dxc5 Qxd1+ 10. Bxd1 Bxf3 11. Bxf3 Bxc5 12. O-O O-O 13. Bxb7 Nd7 14.
Bxa8 Rxa8 15. Rad1 Rd8 16. Rfe1 Rf8 17. Rxd7 Bb4 18. a3 Bxc3 19. bxc3 f5 20. c4
a6 21. c5 Rc8 22. Re5 Ra8 23. c6 Rc8 24. c7 Ra8 25. Rxf5 g6 26. Rc5 Rc8 27. Rd8+
Rxd8 28. cxd8=Q+ Kg7 29. Rc8 Kh7 30. Qh8# {HoarauAntoine est échec et mat} 1-0

[Event "Tournament 14459 - Europe Echecs"]
[Site "Europe Echecs"]
[Date "2020.07.07"]
[Round "5"]
[Time "16:14:47"]
[PlyCount "59"]
[White "LemoalAssiya"]
[Black "PonzeveraElsa"]
[WhiteElo "1040"]
[BlackElo "799"]
[Mode "WEB"]
[Result "0-1"]

1. e4 d6 2. Nf3 Nf6 3. Nc3 Nbd7 4. Bc4 h6 5. Rg1 e5 6. Rh1 Be7 7. d3 c6 8. Be3
Qc7 9. Na4 b5 10. Bb6 axb6 11. Nc3 bxc4 12. dxc4 Nc5 13. Qe2 Be6 14. O-O-O b5
15. Nd2 b4 16. Na4 Nxa4 17. Nb3 Nc5 18. Rd2 Nxb3+ 19. cxb3 Rxa2 20. Rd3 Ra1+ 21.
Kd2 Rxh1 22. Qf3 Bg4 23. Qg3 Rb1 24. Qh4 Rxb2+ 25. Ke3 Qb6+ 26. c5 Qxc5+ 27. Rd4
exd4+ 28. Kf4 Rxb3 29. e5 dxe5# {LemoalAssiya est échec et mat} 0-1